GPS limitations and vunerabilities (Record no. 70184)
[ view plain ]
| 000 -LEADER | |
|---|---|
| fixed length control field | 00962cam a2200193 4500 |
| 001 - CONTROL NUMBER | |
| control field | ABS65389 |
| 008 - FIXED-LENGTH DATA ELEMENTS--GENERAL INFORMATION | |
| fixed length control field | 020508n2002 000 0 eng u |
| 035 ## - SYSTEM CONTROL NUMBER | |
| System control number | (Sirsi) u117859 |
| 100 ## - MAIN ENTRY--PERSONAL NAME | |
| Personal name | De Jong, K |
| 245 ## - TITLE STATEMENT | |
| Title | GPS limitations and vunerabilities |
| 260 ## - PUBLICATION, DISTRIBUTION, ETC. | |
| Date of publication, distribution, etc. | 2002 |
| 490 ## - SERIES STATEMENT | |
| Series statement | Geo Informatics |
| Volume/sequential designation | April/May 2002,22-23(2) |
| 520 ## - SUMMARY, ETC. | |
| Summary, etc. | Assessment of the limitations and vulnerabilities of Global Positioning Systems despite developing widespread use by military and civilian communities. Points out that unintentional disruptions include ionosphere, radio frequency international disruptions include direct attacks. Concludes limitations affect accuracy, reliability, integrity and availability of systems. Study by US Department of Transportation on vulnerabilities of GPS released in September 2001 available www.naven.uscg.gov/ |
| 590 ## - LOCAL NOTE (RLIN) | |
| Local note | ABS |
| 650 ## - SUBJECT ADDED ENTRY--TOPICAL TERM | |
| Topical term or geographic name entry element | GLOBAL POSITIONING SYSTEMS |
| 650 ## - SUBJECT ADDED ENTRY--TOPICAL TERM | |
| Topical term or geographic name entry element | GPS |
| 690 ## - LOCAL SUBJECT ADDED ENTRY--TOPICAL TERM (OCLC, RLIN) | |
| Topical term or geographic name as entry element | GEOMATICS-GPS |
| 942 ## - ADDED ENTRY ELEMENTS (KOHA) | |
| Suppress in OPAC | 0 |
| Withdrawn status | Lost status | Source of classification or shelving scheme | Damaged status | Not for loan | Home library | Current library | Shelving location | Date acquired | Total Checkouts | Full call number | Barcode | Date last seen | Copy number | Price effective from | Koha item type |
|---|---|---|---|---|---|---|---|---|---|---|---|---|---|---|---|
| Dewey Decimal Classification | London | London | Journal article | 08/05/2002 | ABS65389 | 117859-1001 | 06/08/2019 | 1 | 06/08/2019 | Journal article |